00742nam a2200205Ia 4500003000900000008004100009040001600050080002500066110003300091245012100124260005000245300000900295500001900304650002600323650001800349650002100367942000700388999001500395952012600410IN-BaIIA211028s9999 xx 000 0 eng d cIIA Library a083.7:621.753.2bISI aIndian Standards Institution 0aIndian standard recommendations for limits and for sizes above 500 mm upto 3 to 150 mmcIndian Standards Institution aNew DelhibIndian Standards Institutionc1974 a21p. aIS 2101 : 1962 a Machine Tools99089 a Standards  aNASA Thesaurus  cBK c5301d5301 00104070aBANbBANcGENd0000-00-00g10.00l0o083.7:621.753.2/ ISIp5909r2021-11-05v10.00w0000-00-00yBKGRs. 10.00